Kollektivbeleidigung und Meinungsfreiheit - eine Anmerkung zum sog.Soldatenurteil

Saved in:  
Bibliographic Details
Main Author: Brackert, Gesine 1966- (Author)
Format: Print Article
Language:German
Published: 1991
In: Juristische Arbeitsblätter / Ausgabe für Studenten
Year: 1991, Issue: 6, Pages: 189-195
Check availability: HBZ Gateway
Keywords:

MARC

LEADER 00000caa a22000002c 4500
001 1640250093
003 DE-627
005 20220608131520.0
007 tu
008 160223s1991 xx ||||| 00| ||ger c
035 |a (DE-627)1640250093 
035 |a (DE-576)456094199 
035 |a (DE-599)BSZ456094199 
040 |a DE-627  |b ger  |c DE-627  |e rakwb 
041 |a ger 
100 1 |a Brackert, Gesine  |d 1966-  |0 (DE-588)1053345496  |0 (DE-627)789830183  |0 (DE-576)392427745  |4 aut 
109 |a Brackert, Gesine 1966- 
245 1 0 |a Kollektivbeleidigung und Meinungsfreiheit - eine Anmerkung zum sog.Soldatenurteil  |c Gesine Brackert 
264 1 |c 1991 
336 |a Text  |b txt  |2 rdacontent 
337 |a ohne Hilfsmittel zu benutzen  |b n  |2 rdamedia 
338 |a Band  |b nc  |2 rdacarrier 
773 0 8 |i In  |t Juristische Arbeitsblätter / Ausgabe für Studenten  |d Frankfurt, M. : Metzner, 1988  |g (1991), 6, Seite 189-195  |w (DE-627)130995800  |w (DE-600)1082489-3  |w (DE-576)026374463  |x 0720-6356  |7 nnas 
773 1 8 |g year:1991  |g number:6  |g pages:189-195 
935 |a mkri 
951 |a AR 
ELC |b 1 
LOK |0 000 xxxxxcx a22 zn 4500 
LOK |0 001 3301732356 
LOK |0 003 DE-627 
LOK |0 004 1640250093 
LOK |0 005 20160223101449 
LOK |0 008 160208||||||||||||||||ger||||||| 
LOK |0 040   |a DE-21-110  |c DE-627  |d DE-21-110 
LOK |0 689   |a s  |a Kollektivbeleidigung 
LOK |0 689   |a s  |a Soldatenbeleidigung 
LOK |0 852   |z Kein Bestand am IfK; Nachweis für KrimDok 
LOK |0 852   |a DE-21-110 
LOK |0 852 1  |m v  |9 00 
LOK |0 935   |a k110 
LOK |0 938   |k v 
LOK |0 939   |a 08-02-16  |b l01 
ORI |a SA-MARC-krimdoka001.raw